[Event "North American-ch U20"]
[Site "Kitchener"]
[Date "2014.08.04"]
[Round "9.7"]
[White "Kats, Alena"]
[Black "Nasir, Zehn"]
[Result "1/2-1/2"]
[WhiteElo "2126"]
[BlackElo "1918"]
[PlyCount "128"]
[EventDate "2014.07.31"]
[EventType "swiss"]
[EventRounds "9"]
[EventCountry "CAN"]
[SourceTitle "EXT 2022"]
[Source "ChessBase"]
[SourceDate "2021.10.06"]
[SourceVersion "1"]
[SourceVersionDate "2021.10.06"]
[SourceQuality "1"]

1. e4 c6 2. d4 d5 3. Nc3 dxe4 4. Nxe4 Bf5 5. Ng3 Bg6 6. h4 h6 7. Nf3 Nd7 8. h5 Bh7 9. Bd3 Bxd3 10. Qxd3 e6 11. Bd2 Ngf6 12. 0-0-0 Be7 13. Qe2 Qb6 14. Rh3 Qb5 15. Qe1 0-0 16. Ne5 Rfd8 17. Nf1 Qd5 18. Kb1 Qxd4 19. Bc3 Qb6 20. Ba5 Qb5 21. Bxd8 Rxd8 22. Nxd7 Rxd7 23. Rb3 Qa6 24. Ne3 b5 25. Qe2 Qc8 26. Ng4 Nd5 27. Ne5 Rd8 28. Qf3 f5 29. g4 Bf6 30. Ng6 c5 31. gxf5 c4 32. Rxb5 Qd7 33. Rbxd5 exd5 34. c3 a5 35. Qh3 a4 36. a3 Qd6 37. Qg3 Qb6 38. Qe3 Qb3 39. Rxd5 Rb8 40. Qd2 Kh7 41. Ne5 Qxa3 42. Nxc4 Qb3 43. Na5 Qb6 44. Nc4 Qc6 45. Qd3 Qb7 46. Rd7 Qb3 47. Ra7 Rd8 48. Nd6 Qb8 49. Ra6 a3 50. b4 Qc7 51. Qc4 Qxc4 52. Nxc4 Bxc3 53. b5 Bd4 54. Rxa3 Rd5 55. Rb3 Bxf2 56. b6 Bxb6 57. f6 Rxh5 58. Rxb6 gxf6 59. Rxf6 Kg7 60. Rc6 Rd5 61. Ne3 Rg5 62. Kc2 h5 63. Kd3 h4 64. Rc4 Rh5 1/2-1/2

[Event "USA-ch (Women)"]
[Site "Saint Louis"]
[Date "2013.05.11"]
[Round "8"]
[White "Kats, Alena"]
[Black "Belakovskaia, Anjelina"]
[Result "1-0"]
[WhiteElo "2144"]
[BlackElo "2263"]
[PlyCount "135"]
[EventDate "2013.05.03"]
[EventType "tourn"]
[EventRounds "9"]
[EventCountry "USA"]
[EventCategory "2"]
[SourceTitle "CBM 154 Extra"]
[Source "ChessBase"]
[SourceDate "2013.06.25"]
[SourceVersion "2"]
[SourceVersionDate "2013.06.25"]
[SourceQuality "1"]

1. e4 d5 2. exd5 Qxd5 3. Nc3 Qd6 4. Nf3 Nf6 5. d4 c6 6. Be2 Bf5 7. 0-0 Nbd7 8. Bg5 h6 9. Bh4 Nd5 10. Nxd5 cxd5 11. Bb5 Rc8 12. Ne5 a6 13. Qf3 axb5 14. Qxf5 Qe6 15. Qxe6 fxe6 16. Nxd7 Kxd7 17. c3 g6 18. Rfe1 Bg7 19. a3 Rhf8 20. Bg3 Rf5 21. Re2 Rc6 22. Kf1 Ra6 23. Rd1 h5 24. Rd3 Bh6 25. Ke1 Ra8 26. Kd1 Bf4 27. Bxf4 Rxf4 28. Rde3 Rf6 29. Kc2 Ra4 30. f3 g5 31. Re5 Rg6 32. h4 gxh4 33. Rxh5 Rc4 34. Rxh4 e5 35. b3 Rc8 36. dxe5 Rgc6 37. Re3 Rg8 38. g4 Rgc8 39. g5 Rg8 40. f4 Ke6 41. Rd3 Rgc8 42. Kd2 Kf5 43. Rxd5 Rxc3 44. Rxb5 R3c7 45. e6+ Kxe6 46. f5+ Kf7 47. Kd3 Rd8+ 48. Ke4 Rd1 49. Ke5 Re1+ 50. Re4 Rg1 51. g6+ Kg7 52. a4 Rd1 53. b4 Rdc1 54. a5 Ra1 55. Rd5 Ra2 56. Ke6 b6 57. axb6 Ra6 58. Rd7 Rxb6+ 59. Kxe7 Rc8 60. Rh4 Rf8 61. Rh7+ Kg8 62. Rf7 Rbb8 63. Rxf8+ Rxf8 64. Rd8 Rxd8 65. Kxd8 Kf8 66. f6 Kg8 67. Ke7 Kh8 68. f7 1-0

[Event "USA-ch (Women)"]
[Site "Saint Louis"]
[Date "2013.05.05"]
[Round "3"]
[White "Kats, Alena"]
[Black "Abrahamyan, Tatev"]
[Result "1/2-1/2"]
[WhiteElo "2144"]
[BlackElo "2280"]
[PlyCount "67"]
[EventDate "2013.05.03"]
[EventType "tourn"]
[EventRounds "9"]
[EventCountry "USA"]
[EventCategory "2"]
[SourceTitle "CBM 154 Extra"]
[Source "ChessBase"]
[SourceDate "2013.06.25"]
[SourceVersion "2"]
[SourceVersionDate "2013.06.25"]
[SourceQuality "1"]

1. e4 e6 2. d3 d5 3. Nd2 Nf6 4. g3 dxe4 5. dxe4 Nc6 6. Bg2 Bc5 7. Ngf3 e5 8. 0-0 0-0 9. c3 a5 10. Qc2 b6 11. Nb3 Bd6 12. a4 Bb7 13. Nh4 Ne8 14. Nf5 Ne7 15. Ne3 Nf6 16. f4 Qc8 17. fxe5 Bxe5 18. Nc4 Ng6 19. Nxe5 Nxe5 20. Bf4 Re8 21. Rad1 c5 22. c4 Bc6 23. Nd2 Qb7 24. Bg5 Nfd7 25. b3 Ng6 26. Nb1 h6 27. Bc1 Nf6 28. Nc3 Nxe4 29. Nd5 Ng5 30. h4 Ne6 31. Qf2 Nd4 32. Be3 Ne6 33. Bc1 Nd4 34. Be3 1/2-1/2

[Event "USA-ch (Women)"]
[Site "Saint Louis"]
[Date "2013.05.04"]
[Round "2"]
[White "Ni, Viktorija"]
[Black "Kats, Alena"]
[Result "1/2-1/2"]
[WhiteElo "2262"]
[BlackElo "2144"]
[PlyCount "60"]
[EventDate "2013.05.03"]
[EventType "tourn"]
[EventRounds "9"]
[EventCountry "USA"]
[EventCategory "2"]
[SourceTitle "CBM 154 Extra"]
[Source "ChessBase"]
[SourceDate "2013.06.25"]
[SourceVersion "2"]
[SourceVersionDate "2013.06.25"]
[SourceQuality "1"]

1. d4 d5 2. c4 c6 3. Nc3 Nf6 4. e3 e6 5. Nf3 Nbd7 6. Bd3 dxc4 7. Bxc4 b5 8. Bd3 a6 9. e4 c5 10. d5 Bb7 11. 0-0 Qc7 12. Bg5 c4 13. Bc2 0-0-0 14. Re1 Bd6 15. b3 Bb4 16. Bd2 Qa5 17. a3 Bxc3 18. b4 Qc7 19. Bxc3 exd5 20. e5 Ne4 21. Bd4 f6 22. exf6 gxf6 23. a4 Rhg8 24. axb5 axb5 25. Ra7 Ne5 26. Ra5 Bc6 27. Ra7 Bb7 28. Ra5 Bc6 29. Ra7 Bb7 30. Ra5 Bc6 1/2-1/2

[Event "USA-ch (Women)"]
[Site "Saint Louis"]
[Date "2012.05.09"]
[Round "2"]
[White "Abrahamyan, Tatev"]
[Black "Kats, Alena"]
[Result "1-0"]
[WhiteElo "2329"]
[BlackElo "2137"]
[PlyCount "69"]
[EventDate "2012.05.08"]
[EventType "tourn"]
[EventRounds "9"]
[EventCountry "USA"]
[EventCategory "3"]
[SourceTitle "CBM 148 Extra"]
[Source "ChessBase"]
[SourceDate "2012.06.22"]
[SourceVersion "1"]
[SourceVersionDate "2012.06.22"]
[SourceQuality "1"]

1. e4 c5 2. Nf3 d6 3. d4 cxd4 4. Nxd4 Nf6 5. Nc3 a6 6. Be3 e5 7. Nb3 Be6 8. Qd2 Nbd7 9. 0-0-0 b5 10. f4 Qc8 11. f5 Bxb3 12. axb3 Rb8 13. Bd3 Qc6 14. Kb1 b4 15. Nd5 Nxd5 16. exd5 Qxd5 17. Qe2 Qa5 18. Bc4 Be7 19. g4 Nb6 20. Bxb6 Qxb6 21. g5 Bd8 22. Qh5 Rb7 23. g6 f6 24. gxh7+ Kf8 25. Rd2 Re7 26. Rhd1 Bc7 27. Be6 a5 28. Rg2 d5 29. Rxd5 Rxe6 30. fxe6 Qxe6 31. Rgd2 a4 32. Rd8+ Bxd8 33. Rxd8+ Ke7 34. Rxh8 Kd7 35. Qe8+ 1-0

[Event "Curacao op 11th"]
[Site "Curacao"]
[Date "2011.07.24"]
[Round "3"]
[White "Kats, Alena"]
[Black "Maduro, Sherman"]
[Result "1-0"]
[WhiteElo "2097"]
[BlackElo "2033"]
[PlyCount "63"]
[EventDate "2011.07.22"]
[EventType "swiss"]
[EventRounds "9"]
[EventCountry "AHO"]
[SourceTitle "EXT 2012"]
[Source "ChessBase"]
[SourceDate "2011.11.24"]
[SourceVersion "1"]
[SourceVersionDate "2011.11.24"]
[SourceQuality "1"]

1. e4 e5 2. Nf3 Nc6 3. Bb5 Nf6 4. 0-0 a6 5. Ba4 b5 6. Bb3 Bc5 7. c3 0-0 8. d4 Bb6 9. dxe5 Ng4 10. Bd5 Qe8 11. Bf4 Rb8 12. Bxc6 dxc6 13. h3 Nxf2 14. Rxf2 Bxf2+ 15. Kxf2 f6 16. exf6 Qxe4 17. Qd4 Qc2+ 18. Nbd2 Rxf6 19. Re1 Bxh3 20. Be5 Rff8 21. Bxc7 Bxg2 22. Bxb8 Rxf3+ 23. Kxg2 Rd3 24. Qf2 Rd8 25. Bf4 Rf8 26. Qg3 Rf6 27. Re8+ Kf7 28. Qe3 Qg6+ 29. Bg3 Qc2 30. Qe7+ Kg6 31. Qe4+ Qxe4+ 32. Nxe4 1-0

[Event "Philadelphia National op 41st"]
[Site "Philadelphia"]
[Date "2010.11.26"]
[Round "1"]
[White "Kats, Alena"]
[Black "Lapshun, Yury"]
[Result "1/2-1/2"]
[WhiteElo "2068"]
[BlackElo "2436"]
[PlyCount "112"]
[EventDate "2010.11.26"]
[EventType "swiss"]
[EventRounds "6"]
[EventCountry "USA"]
[SourceTitle "CBM 139 Extra"]
[Source "ChessBase"]
[SourceDate "2011.01.05"]
[SourceVersion "1"]
[SourceVersionDate "2011.01.05"]
[SourceQuality "1"]

1. e4 c5 2. Nf3 e6 3. d4 cxd4 4. Nxd4 Nf6 5. Bd3 Nc6 6. Nxc6 bxc6 7. 0-0 d5 8. exd5 cxd5 9. b3 Bd6 10. Bb2 Qc7 11. h3 Be5 12. Bxe5 Qxe5 13. Nd2 0-0 14. Re1 Qf4 15. Nf3 Bb7 16. Qc1 Qxc1 17. Raxc1 Rac8 18. Nd4 Rfd8 19. Rcd1 Rd7 20. a4 a5 21. f3 Nh5 22. Rb1 Nf4 23. Bb5 Rdc7 24. b4 axb4 25. Rxb4 Ng6 26. Bd3 Ne7 27. Reb1 Ba8 28. Ba6 Rf8 29. Rb8 Nc6 30. Nxc6 Bxc6 31. a5 Ra7 32. R1b6 Rc7 33. Bd3 g6 34. a6 Rxb8 35. Rxb8+ Kg7 36. Kf2 e5 37. Ke3 f5 38. Kd2 d4 39. Bb5 Bd5 40. Rd8 Be6 41. Rb8 Bd5 42. Rd8 Be6 43. Bc6 Rxc6 44. a7 Ra6 45. a8Q Rxa8 46. Rxa8 Bc4 47. Ra7+ Kf6 48. Rxh7 f4 49. Ke1 g5 50. Rc7 Be6 51. Kd2 Bf5 52. Ke2 Ke6 53. Rg7 Kf6 54. Rc7 Ke6 55. Rc8 Kf7 56. Rc6 Ke7 1/2-1/2

[Event "Continental Class-ch"]
[Site "Arlington"]
[Date "2010.10.10"]
[Round "6"]
[White "Shibut, Macon A"]
[Black "Kats, Alena"]
[Result "1-0"]
[WhiteElo "2235"]
[BlackElo "2055"]
[PlyCount "67"]
[EventDate "2010.10.07"]
[EventType "swiss"]
[EventRounds "9"]
[EventCountry "USA"]
[SourceTitle "CBM 138 Extra"]
[Source "ChessBase"]
[SourceDate "2010.10.29"]
[SourceVersion "1"]
[SourceVersionDate "2010.10.29"]
[SourceQuality "1"]

1. e4 c5 2. c3 Nf6 3. e5 Nd5 4. d4 cxd4 5. Nf3 e6 6. cxd4 d6 7. Bc4 Nb6 8. Bd3 Bd7 9. 0-0 Bc6 10. Nc3 N8d7 11. Ne4 dxe5 12. dxe5 Be7 13. Re1 Nd5 14. a3 Qc7 15. Bg5 Bxg5 16. Nd6+ Ke7 17. Nxg5 Nxe5 18. Ndxf7 Nxf7 19. Nxe6 Qd6 20. Nxg7+ Kd8 21. Bc4 Kc7 22. Rc1 Kb8 23. Nf5 Qd7 24. Ne7 Rd8 25. Bxd5 Bxd5 26. Nxd5 Qxd5 27. Qg4 Nd6 28. Rcd1 Qc6 29. Qh4 Rg8 30. g3 a6 31. Qf4 Rg6 32. h4 Qc4 33. Rd4 Qf7 34. Qd2 1-0

[Event "Wch U14 Girls"]
[Site "Kemer"]
[Date "2009.11.20"]
[Round "9"]
[White "Efroimski, Marsel"]
[Black "Kats, Alena"]
[Result "1-0"]
[WhiteElo "2150"]
[BlackElo "2001"]
[PlyCount "75"]
[EventDate "2009.11.12"]
[EventType "swiss"]
[EventRounds "11"]
[EventCountry "TUR"]
[SourceTitle "EXT 2010"]
[Source "ChessBase"]
[SourceDate "2010.11.25"]
[SourceVersion "1"]
[SourceVersionDate "2010.11.25"]
[SourceQuality "1"]

1. e4 c5 2. Nf3 d6 3. d4 cxd4 4. Nxd4 Nf6 5. Nc3 a6 6. Be3 e6 7. f3 Be7 8. Qd2 b5 9. a4 bxa4 10. Nxa4 0-0 11. Be2 d5 12. e5 Nfd7 13. f4 Bb7 14. 0-0 Nc6 15. Nb3 Qc7 16. c3 Kh8 17. Nbc5 Nxc5 18. Nxc5 Bxc5 19. Bxc5 Rfc8 20. Qe3 Kg8 21. Bd6 Qd7 22. Qb6 Nd8 23. Ra5 Rc6 24. Qf2 f5 25. Rfa1 Nf7 26. Bc5 Qc8 27. b4 Qd8 28. Qf1 g5 29. Bxa6 Rcxa6 30. Rxa6 Rxa6 31. Rxa6 Bxa6 32. Qxa6 gxf4 33. Qxe6 Qa8 34. h3 Qa1+ 35. Kh2 Qxc3 36. Qc8+ Nd8 37. Qxd8+ Kf7 38. Qf6+ 1-0

[Event "Wch U14 Girls"]
[Site "Vung Tau"]
[Date "2008.10.30"]
[Round "11"]
[White "Kats, Alena"]
[Black "Baciu, Diana"]
[Result "0-1"]
[WhiteElo "1981"]
[BlackElo "2062"]
[PlyCount "106"]
[EventDate "2008.10.20"]
[EventType "swiss"]
[EventRounds "11"]
[EventCountry "VIE"]
[SourceTitle "EXT 2009"]
[Source "ChessBase"]
[SourceDate "2008.11.26"]
[SourceVersion "1"]
[SourceVersionDate "2008.11.26"]
[SourceQuality "1"]

1. e4 c5 2. c3 Nf6 3. e5 Nd5 4. Nf3 e6 5. d4 cxd4 6. cxd4 b6 7. Be2 Bb7 8. 0-0 d6 9. Nc3 Nxc3 10. bxc3 Qc7 11. Bf4 Nd7 12. Rc1 Be7 13. c4 0-0 14. Qb3 Rac8 15. Qe3 Qb8 16. Bd3 g6 17. Rfe1 Bxf3 18. Qxf3 dxe5 19. Bh6 Rfe8 20. d5 Nc5 21. dxe6 Nxe6 22. Be4 Bg5 23. Bxg5 Nxg5 24. Qg3 Nxe4 25. Rxe4 f6 26. h4 Qd6 27. Rce1 Red8 28. f4 Qc5+ 29. Kh2 Rd4 30. fxe5 Rxe4 31. Rxe4 f5 32. Re1 Qxc4 33. h5 Qe6 34. h6 Re8 35. Qb3 Qxb3 36. axb3 Kf7 37. Kg3 g5 38. Kf3 Rc8 39. Rd1 Rc3+ 40. Kf2 Ke7 41. Ra1 Rc7 42. g4 Ke6 43. Re1 f4 44. Re2 a5 45. Re4 Rc5 46. b4 Rxe5 47. Rc4 axb4 48. Rxb4 b5 49. Kf3 Kf6 50. Rd4 Re6 51. Rd5 Rb6 52. Ke4 b4 53. Rd7 b3 0-1

[Event "Wch U14 Girls"]
[Site "Vung Tau"]
[Date "2008.10.23"]
[Round "5"]
[White "Ambanwala, Lumbini"]
[Black "Kats, Alena"]
[Result "0-1"]
[WhiteElo "1791"]
[BlackElo "1981"]
[PlyCount "84"]
[EventDate "2008.10.20"]
[EventType "swiss"]
[EventRounds "11"]
[EventCountry "VIE"]
[SourceTitle "EXT 2009"]
[Source "ChessBase"]
[SourceDate "2008.11.26"]
[SourceVersion "1"]
[SourceVersionDate "2008.11.26"]
[SourceQuality "1"]

1. d4 d5 2. c4 c6 3. cxd5 cxd5 4. Nc3 Nc6 5. Bf4 Nf6 6. Nf3 e6 7. e3 a6 8. Be2 Be7 9. h3 0-0 10. 0-0 Bd7 11. Rb1 Rc8 12. Ne5 Nxe5 13. Bxe5 Ne8 14. Qb3 b5 15. a3 Nd6 16. Bxd6 Bxd6 17. Rfc1 Kh8 18. Na2 Bc6 19. Nb4 Bb7 20. a4 Qa5 21. Nc2 b4 22. Ne1 f6 23. Bg4 f5 24. Bd1 f4 25. Bc2 g6 26. e4 dxe4 27. Qxe6 Qd5 28. Bb3 Qxe6 29. Bxe6 Rxc1 30. Rxc1 Kg7 31. d5 Kf6 32. Nc2 Ke5 33. Rd1 Bc5 34. Na1 a5 35. Nb3 Bb6 36. Nd2 Ba6 37. b3 e3 38. Nf3+ Kd6 39. fxe3 fxe3 40. Rc1 e2+ 41. Kh2 Rxf3 42. gxf3 Bf2 0-1